Largest Cities in the United States by Decade on a Map - Statistics

General Stats
  • This quiz has been taken 3,587 times
  • The average score is 132 of 144
Answers on the Map
Answers color-coded by a green-red scale on the quiz's map according to % correct below.
 
Answer Stats
Year City % Correct
1900 | 1910 | 1920 | +9 others Chicago
99%
1920 | 1930 | 1940 | +7 others Los Angeles
99%
1900 | 1910 | 1920 | +9 others New York
99%
1970 | 1980 Dallas
97%
1960 | 1970 | 1980 | +3 others Houston
97%
1900 | 1910 | 1920 | +4 others San Francisco
97%
1900 | 1910 | 1920 | +3 others Boston
96%
1990 | 2000 | 2010 Dallas
96%
1910 | 1920 | 1930 | +7 others Detroit
95%
1900 | 1910 | 1920 | +9 others Philadelphia
95%
1940 | 1950 | 1960 | 1970 Washington
94%
1980 | 1990 | 2000 | 2010 Phoenix
93%
1980 | 1990 | 2000 | 2010 San Diego
93%
1900 New Orleans
91%
1970 | 1980 | 2000 | 2010 Indianapolis
88%
1980 | 1990 | 2000 | 2010 San Antonio
86%
1900 | 1910 | 1920 | +7 others Baltimore
85%
1900 | 1910 | 1920 | +5 others Cleveland
84%
1900 | 1910 | 1920 | +4 others St. Louis
84%
1900 | 1910 | 1920 Buffalo
82%
2010 Jacksonville
81%
1900 | 1910 | 1920 | +3 others Pittsburgh
81%
1910 | 1930 Milwaukee
80%
1960 | 1970 Milwaukee
79%
1900 Cincinnati
76%
1990 | 2000 | 2010 San Jose
75%
No matching quizzes found
Score Distribution
Percent of People with Each Score
Percentile by Number Answered
Your Score History
You have not taken this quiz